[Event "Sitges Sunway online op"]
[Site "Chess.com INT"]
[Date "2020.04.26"]
[Round "8"]
[White "Rodriguez Avila, Alvaro"]
[Black "Elgat, Adam"]
[Result "1-0"]
[WhiteElo "1868"]
[BlackElo "1652"]
[PlyCount "49"]
[EventDate "2020.04.19"]
[EventType "swiss"]
[EventRounds "9"]
[EventCountry "ESP"]
[SourceTitle "EXT 2021"]
[Source "ChessBase"]
[SourceDate "2020.10.23"]
[SourceVersion "1"]
[SourceVersionDate "2020.10.23"]
[SourceQuality "1"]

1. e4 e5 2. Bc4 Nf6 3. d3 c6 4. Nf3 d5 5. exd5 cxd5 6. Bb3 a5 7. a3 Bd6 8. Bg5 Be6 9. Nc3 d4 10. Nd5 Bxd5 11. Bxd5 Nc6 12. 0-0 0-0 13. Re1 Re8 14. Nh4 h6 15. Bxf6 Qxf6 16. Qg4 Bf8 17. Re4 Ne7 18. Ba2 Rac8 19. f4 Rxc2 20. Rf1 Rxb2 21. fxe5 Qxf1+ 22. Kxf1 Rxa2 23. e6 Ra1+ 24. Kf2 Rxa3 25. exf7+ 1-0